LEADER 00957nam2 22002771i 450 001 RML0340033 005 20231121125757.0 010 $a0674992318 100 $a20121123d1991 ||||0itac50 ba 101 | $agrc$aeng 102 $agb 181 1$6z01$ai $bxxxe 182 1$6z01$an 200 0 $a1.$fIsocrates$gwith an english translation by George Norlin 210 $aCambridge (Mass.)$aLondon $cHarvard University Press $d1991 215 $aLII, 411 p.$d17 cm 300 $aTrad. inglese a fronte 461 1$1001RML0280913$12001 $aIsocrates 801 3$aIT$bIT-01$c20121123 850 $aIT-FR0017 899 $aBiblioteca umanistica Giorgio Aprea$bFR0017 912 $aRML0340033 950 2$aBiblioteca umanistica Giorgio Aprea$d 52CIS LCL/G ISO 1$e 52VM 0000506545 VM barcode:00035467. - Inventario:4281 FLSVM$fB $h20041124$i20121205 977 $a 52 996 $a1$961339 997 $aUNICAS LEADER 01071nlm0 2200337 450 001 000038658 005 20260303114228.0 010 $a978-88-470-1848-8$beBook-PDF 100 $a20231030d20122012km-y0itay50------ba 101 0 $aita 102 $aIT 105 $a--------001cy 106 $as 135 $adoug----uuuuu 200 1 $aFisica del plasma$brisorsa elettronica$gClaudio Chiuderi, Marco Velli 210 $aMilano$cSpringer$d2012 215 $a1 testo elettronico (IX, 224) 225 2 $aUNITEXT 230 $aTesto elettronico 410 0$1UNITEXT 500 10$aFisica del plasma$94546664 610 1 $afisica 676 $a530.44$v23$9FISICA DEL PLASMA 702 1$aChiuderi,$bClaudio$4340 702 1$aVelli,$bMarco$4340 801 0$aIT$bUNIPARTHENOPE$c03032026$gREICAT$2UNIMARC 856 4 $aData ultima consultazione: 03-03-2026$uhttps://doi.org/10.1007/978-88-470-1848-8$zFull text per gli utenti Uniparthenope 912 $a000038658 951 $aEBOOK$cNAVA1$d2026$b48199 996 $aFisica del plasma$94546664 997 $aUNIPARTHENOPE